[Event "Napoli Spring Cup 1st"]
[Site "Napoli"]
[Date "2017.03.30"]
[Round "4"]
[White "Lombardo, Michele"]
[Black "Ficco, Corrado"]
[Result "1-0"]
[WhiteElo "2082"]
[BlackElo "2013"]
[PlyCount "57"]
[EventDate "2017.03.09"]
[EventType "swiss"]
[EventRounds "6"]
[EventCountry "ITA"]
[SourceTitle "EXT 2018"]
[Source "ChessBase"]
[SourceDate "2017.10.13"]
[SourceVersion "1"]
[SourceVersionDate "2017.10.13"]
[SourceQuality "1"]

1. e4 c6 2. c4 d5 3. cxd5 cxd5 4. exd5 Nf6 5. Nc3 Nxd5 6. Nf3 e6 7. d4 Be7 8. Bd3 Nc6 9. a3 b6 10. Bb5 Bd7 11. 0-0 0-0 12. Bd3 Rc8 13. Ne4 Nf6 14. Qe2 Nxe4 15. Qxe4 f5 16. Qe2 Bf6 17. Be3 g5 18. Ba6 Rc7 19. Rad1 Qe7 20. Bc1 Bc8 21. Bc4 g4 22. Ne5 Nxe5 23. dxe5 Bxe5 24. Qxe5 Rxc4 25. Bh6 Re8 26. b4 Bb7 27. Rfe1 Qf7 28. Bc1 Qg7 29. Qxg7+ 1-0

[Event "Napoli Province-ch"]
[Site "Napoli"]
[Date "2016.03.31"]
[Round "5"]
[White "Esposito, Rosario"]
[Black "Ficco, Corrado"]
[Result "0-1"]
[WhiteElo "1808"]
[BlackElo "2025"]
[PlyCount "68"]
[EventDate "2016.02.25"]
[EventType "swiss"]
[EventRounds "7"]
[EventCountry "ITA"]
[SourceTitle "EXT 2018"]
[Source "ChessBase"]
[SourceDate "2017.10.13"]
[SourceVersion "1"]
[SourceVersionDate "2017.10.13"]
[SourceQuality "1"]

1. d4 f5 2. c4 Nf6 3. Nf3 g6 4. g3 Bg7 5. Bg2 d6 6. Nc3 0-0 7. 0-0 Nc6 8. d5 Na5 9. Qd3 e5 10. e4 fxe4 11. Nxe4 Nxe4 12. Qxe4 Bf5 13. Qe2 c5 14. Nh4 Bd7 15. Rb1 b6 16. b4 cxb4 17. Rxb4 Nb7 18. Be3 Qc7 19. Be4 Nc5 20. Bb1 Rac8 21. Rc1 e4 22. Ng2 a5 23. Bxc5 Qxc5 24. Rb3 a4 25. Re3 Bd4 26. Bxe4 Bxe3 27. Qxe3 b5 28. Qxc5 Rxc5 29. Ne3 Rfc8 30. Bd3 bxc4 31. Rxc4 Rxc4 32. Bxc4 Rc5 33. a3 Kf7 34. Kf1 Rxc4 0-1

[Event "Giorgio Porreca Cup 4th"]
[Site "Napoli"]
[Date "2014.10.23"]
[Round "5"]
[White "Gonzini, Gianmaria"]
[Black "Ficco, Corrado"]
[Result "1/2-1/2"]
[WhiteElo "1967"]
[BlackElo "2027"]
[PlyCount "41"]
[EventDate "2014.09.25"]
[EventType "swiss"]
[EventRounds "7"]
[EventCountry "ITA"]
[SourceTitle "EXT 2016"]
[Source "ChessBase"]
[SourceDate "2015.10.08"]
[SourceVersion "1"]
[SourceVersionDate "2015.10.08"]
[SourceQuality "1"]

1. Nf3 g6 2. h4 h6 3. d4 Bg7 4. e4 d6 5. c3 e6 6. Bd3 a6 7. a4 b6 8. Qe2 Bb7 9. Na3 Ne7 10. Nc2 Nd7 11. Ne3 Qb8 12. Bd2 Qa7 13. b4 Rd8 14. c4 c5 15. Bc3 cxb4 16. Bxb4 Nc5 17. Nc2 Nxd3+ 18. Qxd3 Qa8 19. Nd2 a5 20. Bc3 0-0 21. d5 1/2-1/2

[Event "Codogno op-A 4th"]
[Site "Codogno"]
[Date "2012.09.23"]
[Round "4"]
[White "Ficco, Corrado"]
[Black "Sanchez, Joseph"]
[Result "0-1"]
[WhiteElo "2099"]
[BlackElo "2534"]
[PlyCount "55"]
[EventDate "2012.09.21"]
[EventType "swiss"]
[EventRounds "5"]
[EventCountry "ITA"]
[SourceTitle "EXT 2016"]
[Source "ChessBase"]
[SourceDate "2015.10.08"]
[SourceVersion "1"]
[SourceVersionDate "2015.10.08"]
[SourceQuality "1"]

1. e4 d5 2. exd5 Qxd5 3. Nf3 Bg4 4. Be2 Nc6 5. d4 e6 6. 0-0 0-0-0 7. c4 Qf5 8. Be3 Nf6 9. Nbd2 Bd6 10. c5 Be7 11. b4 Nd5 12. Qb3 Nf4 13. Bb5 Bxf3 14. Nxf3 Nxg2 15. Bxc6 bxc6 16. Ne5 Nh4 17. Qa4 Nf3+ 18. Nxf3 Qg4+ 19. Kh1 Qxf3+ 20. Kg1 Rd5 21. Rfd1 Bg5 22. Qa6+ Kb8 23. Qd3 Rhd8 24. Kf1 Qh1+ 25. Ke2 Qxh2 26. Rab1 Bxe3 27. Qxe3 Qh5+ 28. Kd2 0-1

[Event "Codogno op 3rd"]
[Site "Codogno"]
[Date "2011.10.15"]
[Round "2"]
[White "Laketic, Gojko"]
[Black "Ficco, Corrado"]
[Result "1/2-1/2"]
[WhiteElo "2443"]
[BlackElo "2117"]
[PlyCount "47"]
[EventDate "2011.10.14"]
[EventType "swiss"]
[EventRounds "5"]
[EventCountry "ITA"]
[SourceTitle "CBM 144 Extra"]
[Source "ChessBase"]
[SourceDate "2011.10.28"]
[SourceVersion "1"]
[SourceVersionDate "2011.10.28"]
[SourceQuality "1"]

1. d4 f5 2. g3 Nf6 3. Bg2 g6 4. Nh3 Bg7 5. c3 Nc6 6. d5 Ne5 7. Nf4 c6 8. 0-0 Nxd5 9. Nxd5 cxd5 10. Qxd5 e6 11. Qb3 0-0 12. c4 Qc7 13. Na3 Rb8 14. Bf4 a6 15. Rad1 b6 16. Rd2 Bb7 17. Bxb7 Rxb7 18. Rfd1 Rf7 19. Rd6 h6 20. h4 Kh7 21. Qa4 Ra7 22. Qb3 Rb7 23. Qa4 Ra7 24. Qb3 1/2-1/2